Quiz o gminie Sosnówce - Statystyki

Ogólne statystyki
  • Ten quiz został rozwiązany 7 razy
    4 od ostatniego zresetowania
  • Średni wynik to 8 z 12
Statystyki odpowiedzi
Opis Odpowiedź % Poprawnych
Wypisz 1 sołectwo z gminy Sosnówka Czeputka | Dębów | Lipinki | Motwica | Pogorzelec | Przechód | Romanów | Rozwadówka | Rozwadówka-Folwark | Sosnówka | Sapiehów | Wygnanka | Żeszczynka
100%
Tablice rejestracyjne do samochodów jaki mają znak? LBI
100%
Siedziba gminy to Sosnówka
100%
Ile sołectw znajduje się na terenie gminy 13
75%
W okresie Rzeczypospolitej Obojga Narodów teren gminy był częścią województwa brzesko-litewskiego
75%
Do którego roku była nazwa Gmina Romanów 1954
50%
NR kierunkowy 83
50%
W latach 1975-1998 gmina położona była w województwie bialskopodlaskim
50%
Była nazwa gminy Sosnówka gmina Romanów
50%
W której wsi ma siedzibę "rzymskokatolicka parafia Narodzenia Najświętszej Maryi Panny Motwica
50%
W której wsi znajduje się Muzeum Józefa Ignacego Kraszewskiego Romanów
50%
Sąsiednie gminy to Hanna | Łomazy | Podedwórze | Tuczna | Wisznice | Wyryki
25%
Nie znaleziono quizów pasujących do podanych kryteriów
Rozkład punktacji
Procent ludzi z każdym wynikiem
Percentyl według liczby udzielonych odpowiedzi
Twoja historia wyników
Nie rozwiązałeś tego quizu od ostatniego zresetowania